History Of Architecture: From The Avant-Grade Towards The Present. (Record no. 83496)

MARC details
000 -LEADER
fixed length control field 00381nam a2200145Ia 4500
008 - FIXED-LENGTH DATA ELEMENTS--GENERAL INFORMATION
fixed length control field 221201s9999 xx 000 0 und d
020 ## - INTERNATIONAL STANDARD BOOK NUMBER
International Standard Book Number 9783869227139
041 ## - LANGUAGE CODE
Language code of text/sound track or separate title eng
082 ## - DEWEY DECIMAL CLASSIFICATION NUMBER
Classification number 720.9
100 ## - MAIN ENTRY--PERSONAL NAME
Personal name Puglisi L P.
9 (RLIN) 105971
245 ## - TITLE STATEMENT
Title History Of Architecture: From The Avant-Grade Towards The Present.
260 ## - PUBLICATION, DISTRIBUTION, ETC. (IMPRINT)
Name of publisher, distributor, etc. Dom Publisher.
Date of publication, distribution, etc. 2021
300 ## - PHYSICAL DESCRIPTION
Extent 528
906 ## - LOCAL DATA ELEMENT F, LDF (RLIN)
b 1541.54
Holdings
Withdrawn status Lost status Source of classification or shelving scheme Damaged status Not for loan Collection code Home library Current library Date acquired Vendor Cost, normal purchase price Bill number Total Checkouts Full call number Barcode Date last seen Date last checked out Cost, replacement price Bill Date Koha item type Original Barcode
    Dewey Decimal Classification     Book of B Arch Dr. Bhanuben Nanavati College of Architecture Dr. Bhanuben Nanavati College of Architecture 17/10/2022 Scientific Book 1541.54 1977 2 720.9 PUG BNCA-BK-11948 02/02/2024 29/01/2024 2371.60 01/12/2022 Books B11948